000 00450nam a2200181Ia 4500
001 10498
005 20260306161836.0
008 260306t2007||||xx |||||||||||||| ||spa||
041 _aESP
082 _a938.07
_bB27
100 _aPlaneta Colombiana
_eAUT
245 0 _aBatallas de Alejandro Magno:
_bde Macedonia a la India
260 _c2007
300 _a157 páginas :
_c22 cm.
650 _aGEN
654 _aCHU
942 _cLIB
_dJUS
_fJUS
_2ddc
_n
999 _c10498
_d10498